000 00674nam a2200241 a 4500
001 BRCA_4498
005 20190320204707.0
008 140910s1863----fr-#######---#000-0#fre-#
041 _afre
044 _afre
050 4 _aF1226
_b.CH48 2
_c1863
100 1 _aChevalier, Michel
_d1806-1879
_98218
245 1 0 _aLe Mexique
_bAncien et Moderne
_cpar Michel Chevalier.
260 _aParís
_bL. Hachette
_c1863
300 _a622 p.
_c18 cm.
500 _aIncluye tabla de materias
500 _aEstado físico: Encuadernación deteriorada
500 _aEjemplar igual a B107 y O7
500 _aCG6
651 4 _aMéxico
_xHistoria
_9614
902 _aGFM
942 _2lcc
_cB
999 _c4204
_d4204